000 00380nam a2200133Ia 4500
008 220216s9999 xx 000 0 und d
100 _aNair V.K.B.
245 2 _aA preliminary note on the production of improved seeds of rubber in India
260 _bRubber Board Bulletin
_c1966-68
300 _a22-29
650 _aPolyclonal seed garden
700 _aKoshy O.P.
942 _cBS
999 _c49234
_d49234